[Event "Titled Tuesday intern op 16th Apr Early"]
[Site "Chess.com INT"]
[Date "2024.04.16"]
[Round "4"]
[White "Aliyev, Ravan"]
[Black "Gurel, Ediz"]
[Result "0-1"]
[WhiteElo "2352"]
[BlackElo "2578"]
[PlyCount "138"]
[EventDate "2024.04.16"]
[EventType "swiss (blitz)"]
[EventRounds "11"]
[EventCountry "USA"]
[SourceTitle "CB17_2024"]
[SourceDate "2024.04.24"]
[SourceVersion "1"]
[SourceVersionDate "2024.04.24"]
[SourceQuality "1"]

1. d4 Nf6 2. c4 e5 3. dxe5 Ng4 4. e3 Nxe5 5. Nc3 Nbc6 6. f4 Ng6 7. Bd3 Bc5 8. a3 a5 9. Qh5 d6 10. Nf3 0-0 11. Ng5 h6 12. Nge4 Ba7 13. 0-0 Re8 14. f5 Nge5 15. Be2 f6 16. Kh1 Bd7 17. Bd2 Rf8 18. Rad1 Ne7 19. Bc1 Qe8 20. Qxe8 Raxe8 21. Ng3 a4 22. e4 N7c6 23. Bh5 Rc8 24. Nb5 Bc5 25. Be2 Na5 26. Nd4 Naxc4 27. Ne6 Bxe6 28. fxe6 Rfe8 29. Nh5 Rxe6 30. Nf4 Ree8 31. Nd5 c6 32. Nc3 b5 33. g3 Rcd8 34. Kg2 Be3 35. Kh3 Bxc1 36. Rxc1 Nxb2 37. Bh5 Re7 38. Ne2 Nbc4 39. Nd4 Nxa3 40. Nf5 Rc7 41. Be2 Nac4 42. Nd4 a3 43. Ne6 Rcd7 44. Nxd8 Rxd8 45. Rc2 d5 46. exd5 cxd5 47. Rb1 d4 48. Rxb5 d3 49. Bxd3 Rxd3 50. Rb8+ Kh7 51. Ra8 h5 52. Re2 Ne3 53. Ra2 N5c4 54. Ra1 Rd2 55. g4 hxg4+ 56. Kg3 Kg6 57. h4 gxh3 58. Kxh3 Nf5 59. Ra6 Rd3+ 60. Kh2 Rd2+ 61. Kh1 Nd4 62. Rg1+ Kf5 63. Rf1+ Ke4 64. Ra8 Nf3 65. Re8+ Nce5 66. Rh8 a2 67. Ra1 Rb2 68. Rh5 Rb1+ 69. Kg2 Rxa1 0-1

[Event "Titled Tuesday intern op 16th Apr Early"]
[Site "Chess.com INT"]
[Date "2024.04.16"]
[Round "2"]
[White "Ambartsumova, Karina"]
[Black "Gurel, Ediz"]
[Result "0-1"]
[WhiteElo "2406"]
[BlackElo "2578"]
[PlyCount "92"]
[EventDate "2024.04.16"]
[EventType "swiss (blitz)"]
[EventRounds "11"]
[EventCountry "USA"]
[SourceTitle "CB17_2024"]
[SourceDate "2024.04.24"]
[SourceVersion "1"]
[SourceVersionDate "2024.04.24"]
[SourceQuality "1"]

1. d4 Nf6 2. c4 e5 3. dxe5 Ng4 4. Bf4 Nc6 5. Nf3 Bb4+ 6. Nbd2 Qe7 7. e3 Ngxe5 8. Nxe5 Nxe5 9. Be2 0-0 10. 0-0 a5 11. Nf3 d6 12. Rc1 Bd7 13. Qc2 h6 14. h3 Rfe8 15. Rfd1 Rad8 16. a3 Bc5 17. Qc3 a4 18. Rd2 Ng6 19. Bg3 Bc6 20. Rcd1 Be4 21. Nd4 Qg5 22. Bf3 h5 23. Bxe4 Rxe4 24. Nf3 Qe7 25. Rd5 h4 26. Bh2 Re8 27. Nd4 Ne5 28. Bxe5 Rxe5 29. Nf3 Re4 30. Ng5 Rxe3 31. fxe3 Bxe3+ 32. Kh1 Bxg5 33. Qf3 Bf6 34. R5d2 Qe4 35. Qxe4 Rxe4 36. Rc2 b6 37. Kg1 Be5 38. Kf2 f5 39. Kf3 Kf7 40. Rd3 g5 41. b3 axb3 42. Rxb3 Bd4 43. a4 Kf6 44. Ra3 Ke5 45. a5 g4+ 46. hxg4 fxg4# 0-1

[Event "Wch Blitz"]
[Site "Samarkand"]
[Date "2023.12.30"]
[Round "13"]
[White "Gurel, Ediz"]
[Black "Khismatullin, Denis Rimovich"]
[Result "1-0"]
[WhiteElo "2560"]
[BlackElo "2579"]
[PlyCount "83"]
[EventDate "2023.12.29"]
[EventType "swiss (blitz)"]
[EventRounds "21"]
[EventCountry "UZB"]
[SourceTitle "CB01_2024"]
[SourceDate "2024.01.03"]
[SourceVersion "1"]
[SourceVersionDate "2024.01.03"]
[SourceQuality "1"]

1. e4 c5 2. Nf3 d6 3. d4 cxd4 4. Nxd4 a6 5. c4 e6 6. Nc3 Nf6 7. Be2 b6 8. 0-0 Bb7 9. f3 Be7 10. Be3 0-0 11. b4 Qc7 12. Rc1 Nbd7 13. Qb3 Rac8 14. Rfd1 Rfe8 15. a3 h5 16. Bf2 Qb8 17. Bf1 Bd8 18. Nc2 Ne5 19. Ne3 Bc7 20. h3 Ng6 21. h4 Bd8 22. g3 Ne5 23. Be2 Ba8 24. Kg2 Be7 25. Rd2 Rc7 26. Rcd1 Rec8 27. a4 Bf8 28. Rd4 a5 29. bxa5 Nc6 30. R4d2 Nxa5 31. Qa2 Rc5 32. Nb5 R5c6 33. Nd4 R6c7 34. Nb5 Rd7 35. e5 Ne8 36. Qb2 Rcd8 37. exd6 Nxd6 38. Qe5 Nc6 39. Qxh5 Nxb5 40. Rxd7 Nc3 41. Qxf7+ Kh8 42. Rxd8 1-0

[Event "Wch Blitz"]
[Site "Samarkand"]
[Date "2023.12.30"]
[Round "12"]
[White "Ter Sahakyan, Samvel"]
[Black "Gurel, Ediz"]
[Result "1/2-1/2"]
[WhiteElo "2643"]
[BlackElo "2560"]
[PlyCount "207"]
[EventDate "2023.12.29"]
[EventType "swiss (blitz)"]
[EventRounds "21"]
[EventCountry "UZB"]
[SourceTitle "CB01_2024"]
[SourceDate "2024.01.03"]
[SourceVersion "1"]
[SourceVersionDate "2024.01.03"]
[SourceQuality "1"]

1. e4 c5 2. Nf3 e6 3. g3 Nc6 4. Bg2 Nf6 5. d3 d5 6. Qe2 Be7 7. e5 Nd7 8. c4 0-0 9. 0-0 d4 10. h4 a6 11. Bf4 b5 12. Nbd2 Bb7 13. b3 bxc4 14. bxc4 Rb8 15. Ne4 Qc7 16. Rfe1 Ba8 17. Nd6 Ncxe5 18. Nxf7 Bxf3 19. Bxe5 Bxe2 20. Bxc7 Rb2 21. Ng5 Bxg5 22. hxg5 Bxd3 23. Bh3 Bxc4 24. Rac1 Bxa2 25. f4 Rc8 26. Ba5 Nf8 27. f5 exf5 28. Bxf5 Rcb8 29. Bc7 R8b7 30. Rxc5 R2b5 31. Rxb5 Rxb5 32. Bd3 Rxg5 33. Bxa6 Bd5 34. Re8 Kf7 35. Rb8 Ne6 36. Bd6 h5 37. Kf2 Rf5+ 38. Ke2 Kg6 39. Bd3 Kg5 40. Bxf5 Kxf5 41. Re8 g5 42. Rh8 Kg4 43. Kd3 h4 44. gxh4 gxh4 45. Be5 h3 46. Bd6 Bc6 47. Be5 Bb5+ 48. Ke4 d3 49. Ke3 Ng5 50. Rg8 Kf5 51. Bh2 Ne6 52. Rb8 Bc6 53. Rb6 Ba4 54. Kxd3 Nf4+ 55. Kd4 Bd7 56. Rb7 Be6 57. Rb5+ Kg4 58. Ke5 Bc4 59. Rb8 Ne2 60. Ke4 Bf7 61. Rb7 Bg6+ 62. Ke3 Nc3 63. Rd7 Kf5 64. Rd4 Ke6 65. Rd6+ Kf7 66. Kf4 Nb5 67. Rb6 Nd4 68. Ke3 Ne6 69. Rb7+ Kf6 70. Rb6 Bf5 71. Kf3 Kg5 72. Be5 Kg6 73. Kg3 Kg5 74. Rb8 Kg6 75. Rg8+ Kf7 76. Ra8 Kg6 77. Ra5 Kg5 78. Bc3 Kg6 79. Bd2 Kf6 80. Be3 Kg6 81. Ra6 Kf6 82. Bd4+ Kg5 83. Be3+ Kf6 84. Ra7 Ke5 85. Bh6 Kf6 86. Bc1 Kg6 87. Bd2 Kf6 88. Be1 Kg6 89. Bf2 Kf6 90. Bg1 Kg6 91. Bh2 Kf6 92. Kh4 Kg6 93. Ra6 Kf6 94. Kh5 Bd3 95. Ra5 Bf5 96. Kh4 Kg6 97. Be5 Ng5 98. Ra6+ Ne6 99. Bh2 Kf6 100. Kh5 Bd3 101. Ra3 Bf5 102. Kh6 Bg4 103. Rg3 Kf5 104. Rg1 1/2-1/2

[Event "Wch Blitz"]
[Site "Samarkand"]
[Date "2023.12.29"]
[Round "2"]
[White "Aravindh, Chithambaram VR"]
[Black "Gurel, Ediz"]
[Result "1-0"]
[WhiteElo "2646"]
[BlackElo "2560"]
[PlyCount "111"]
[EventDate "2023.12.29"]
[EventType "swiss (blitz)"]
[EventRounds "21"]
[EventCountry "UZB"]
[SourceTitle "CB01_2024"]
[SourceDate "2024.01.03"]
[SourceVersion "1"]
[SourceVersionDate "2024.01.03"]
[SourceQuality "1"]

1. d4 d5 2. Nf3 Nf6 3. c3 Bf5 4. Qb3 Qc8 5. c4 e6 6. cxd5 exd5 7. Nc3 c6 8. Bf4 Be7 9. e3 0-0 10. h3 Nbd7 11. Be2 a5 12. 0-0 b5 13. a4 b4 14. Nb1 c5 15. dxc5 Nxc5 16. Qd1 Qb7 17. Nd4 Bd7 18. Nd2 Rac8 19. Nb5 Rfd8 20. Be5 Nfe4 21. Nf3 Bf8 22. Nfd4 Qb6 23. Rc1 Re8 24. Bf4 b3 25. Ra1 Qg6 26. Bh5 Qf6 27. Nc7 Rxc7 28. Bxc7 Nxa4 29. Qxb3 Qg5 30. Qd1 Nxb2 31. Qe2 Nc4 32. Bf4 Qf6 33. Bg4 Nc3 34. Qc2 Bxg4 35. hxg4 Ne4 36. f3 Nc5 37. Qf5 Qd8 38. Rfe1 g6 39. Qc2 Bg7 40. Rad1 a4 41. Nb5 a3 42. Nc7 Re7 43. Nxd5 Ra7 44. Qxc4 Ne6 45. Nc3 Qf6 46. Ne4 Qb2 47. Qc8+ Bf8 48. Qb8 Rb7 49. Qe5 Bg7 50. Qxb2 Bxb2 51. Nd6 Rb3 52. Nc4 Bf6 53. Be5 Bh4 54. Rb1 Rd3 55. Red1 a2 56. Ra1 1-0

[Event "Wch Rapid"]
[Site "Samarkand"]
[Date "2023.12.27"]
[Round "8"]
[White "Mamedyarov, Shakhriyar"]
[Black "Gurel, Ediz"]
[Result "1/2-1/2"]
[WhiteElo "2723"]
[BlackElo "2560"]
[PlyCount "76"]
[EventDate "2023.12.26"]
[EventType "swiss (rapid)"]
[EventRounds "13"]
[EventCountry "UZB"]
[SourceTitle "CB01_2024"]
[SourceDate "2024.01.03"]
[SourceVersion "1"]
[SourceVersionDate "2024.01.03"]
[SourceQuality "1"]

1. d4 d5 2. c4 c6 3. Nc3 Nf6 4. e3 Bf5 5. cxd5 cxd5 6. Qb3 Nc6 7. Qxb7 Bd7 8. Qb3 Rb8 9. Qd1 e5 10. Nge2 exd4 11. Nxd4 Bd6 12. Bb5 Nxd4 13. Bxd7+ Qxd7 14. exd4 0-0 15. 0-0 Rfe8 16. Qf3 Ne4 17. g3 Qc6 18. Rd1 Rb4 19. Nxe4 Rxe4 20. b3 Rb8 21. Be3 Ba3 22. Kg2 Rbe8 23. Qe2 f5 24. Qd3 h6 25. Rd2 Bd6 26. Rc2 Qd7 27. Rac1 f4 28. Bxf4 Bxf4 29. gxf4 Rxf4 30. Rc7 Qe6 31. h3 Ref8 32. R1c2 Qf6 33. Qg3 Rf3 34. Qg4 Rxf2+ 35. Kh1 Rf1+ 36. Kh2 Rf2+ 37. Kh1 Rf1+ 38. Kh2 Rf2+ 1/2-1/2

[Event "Wch Rapid"]
[Site "Samarkand"]
[Date "2023.12.26"]
[Round "3"]
[White "Gurel, Ediz"]
[Black "Sadhwani, Raunak"]
[Result "1-0"]
[WhiteElo "2560"]
[BlackElo "2654"]
[PlyCount "45"]
[EventDate "2023.12.26"]
[EventType "swiss (rapid)"]
[EventRounds "13"]
[EventCountry "UZB"]
[SourceTitle "CB01_2024"]
[SourceDate "2024.01.03"]
[SourceVersion "1"]
[SourceVersionDate "2024.01.03"]
[SourceQuality "1"]

1. e4 c5 2. Nf3 Nc6 3. d4 cxd4 4. Nxd4 e6 5. Nc3 Qc7 6. g3 a6 7. Bg2 h5 8. h3 Nge7 9. 0-0 Nxd4 10. Qxd4 h4 11. Bf4 Qd8 12. Rad1 Ng6 13. Be3 hxg3 14. fxg3 Qc7 15. Na4 Qxg3 16. Rf3 Qc7 17. Nb6 Rb8 18. Bf2 Ne5 19. Rc3 Nc6 20. Qe3 d6 21. Bg3 Rh6 22. e5 dxe5 23. Bxe5 1-0

[Event "Ankara Is Bank Cup Final"]
[Site "Ankara"]
[Date "2023.11.27"]
[Round "2.2"]
[White "Gurel, Ediz"]
[Black "Can, Emre"]
[Result "1-0"]
[WhiteElo "2554"]
[BlackElo "2566"]
[PlyCount "113"]
[EventDate "2023.11.26"]
[EventType "k.o."]
[EventRounds "2"]
[EventCountry "TUR"]
[SourceTitle "CB48_2023"]
[SourceDate "2023.11.29"]
[SourceVersion "1"]
[SourceVersionDate "2023.11.29"]
[SourceQuality "1"]

1. e4 c5 2. Nf3 Nc6 3. Bb5 g6 4. 0-0 Bg7 5. Re1 e5 6. Bxc6 dxc6 7. a4 a5 8. Na3 Qc7 9. Nc4 Be6 10. Qe2 Ne7 11. Ng5 Bd7 12. d3 h6 13. Nf3 Be6 14. Be3 b6 15. Nfd2 0-0 16. h3 Rab8 17. Rf1 Nd5 18. exd5 cxd5 19. Na3 d4 20. Bxh6 Bxh6 21. Ndc4 f6 22. Rae1 Bd5 23. Qg4 Kh7 24. Nb5 Qc6 25. b3 Rbd8 26. f3 Kg7 27. h4 f5 28. Qg3 Bf4 29. Qh3 Bxc4 30. bxc4 Be3+ 31. Kh2 Rh8 32. g3 f4 33. g4 Rh7 34. Kg2 Rdh8 35. Rh1 e4 36. dxe4 d3 37. cxd3 Qf6 38. e5 Qd8 39. h5 Qxd3 40. Qh4 Qc2+ 41. Kf1 Qxc4+ 42. Kg2 Qe6 43. Qg5 Qa2+ 44. Kh3 Rxh5+ 45. gxh5 Rxh5+ 46. Qxh5 gxh5 47. Nd6 Qe6+ 48. Kh2 Qxe5 49. Ne4 c4 50. Re2 h4 51. Rg2+ Kf7 52. Rd1 c3 53. Rd7+ Ke6 54. Rd8 Ke7 55. Rgg8 Qh5 56. Nxc3 Bc5 57. Nd5+ 1-0

[Event "Ankara Is Bank Cup Final"]
[Site "Ankara"]
[Date "2023.11.26"]
[Round "1.1"]
[White "Gurel, Ediz"]
[Black "Sanal, Vahap"]
[Result "1/2-1/2"]
[WhiteElo "2554"]
[BlackElo "2608"]
[PlyCount "118"]
[EventDate "2023.11.26"]
[EventType "k.o."]
[EventRounds "2"]
[EventCountry "TUR"]
[SourceTitle "CB48_2023"]
[SourceDate "2023.11.29"]
[SourceVersion "1"]
[SourceVersionDate "2023.11.29"]
[SourceQuality "1"]

1. e4 e5 2. Nf3 Nc6 3. Bc4 Bc5 4. c3 Nf6 5. d4 exd4 6. e5 d5 7. Bb5 Ne4 8. cxd4 Bb6 9. Nc3 0-0 10. Be3 Bg4 11. h3 Bh5 12. Qc2 Nxc3 13. bxc3 f6 14. Bxc6 Bxf3 15. gxf3 bxc6 16. f4 Qe7 17. a4 a5 18. Rg1 c5 19. Ke2 Rf7 20. Rg4 cxd4 21. cxd4 fxe5 22. fxe5 c5 23. Bg5 Qe6 24. Rag1 Kh8 25. Rh4 Rf5 26. dxc5 Qxe5+ 27. Be3 Bd8 28. Rhg4 Bf6 29. Kf1 Qe6 30. Qd3 Rc8 31. R1g2 Rf3 32. R2g3 Rxg3 33. Rxg3 d4 34. Bg5 Rxc5 35. Bxf6 Qxf6 36. Qe4 Rc8 37. Rf3 Qd6 38. Rf5 Qa6+ 39. Kg2 Qg6+ 40. Kf1 Re8 41. h4 Qa6+ 42. Kg2 Qc8 43. Qf3 Rd8 44. Rxa5 d3 45. Rd5 d2 46. Rxd8+ Qxd8 47. Qd1 g6 48. f3 Kg7 49. Kf2 Qxh4+ 50. Ke2 Qh2+ 51. Ke3 Qd6 52. Qxd2 Qa3+ 53. Kf2 Qxa4 54. Qc3+ Kh6 55. Qe3+ Kh5 56. Qe5+ g5 57. Qe7 h6 58. Qe6 Qd4+ 59. Kg2 Qg7 1/2-1/2

[Event "Ankara Is Bank Cup Kirmizi"]
[Site "Ankara"]
[Date "2023.11.24"]
[Round "3"]
[White "Can, Emre"]
[Black "Gurel, Ediz"]
[Result "1/2-1/2"]
[WhiteElo "2566"]
[BlackElo "2554"]
[PlyCount "69"]
[EventDate "2023.11.23"]
[EventType "tourn"]
[EventRounds "5"]
[EventCountry "TUR"]
[EventCategory "8"]
[SourceTitle "CB48_2023"]
[SourceDate "2023.11.29"]
[SourceVersion "1"]
[SourceVersionDate "2023.11.29"]
[SourceQuality "1"]

1. e4 e5 2. Nf3 Nf6 3. d4 Nxe4 4. dxe5 d5 5. Nbd2 Qd7 6. Bd3 Nc5 7. Be2 Ne6 8. Nf1 c5 9. Ng3 Nc6 10. 0-0 Be7 11. Nf5 0-0 12. c3 Rd8 13. Bd3 Bf8 14. Re1 d4 15. cxd4 Ncxd4 16. N3xd4 Nxd4 17. Nd6 Bxd6 18. exd6 Qxd6 19. Qh5 Bf5 20. Bxf5 g6 21. Bxg6 Qxg6 22. Qxg6+ fxg6 23. Bg5 Rd5 24. h4 Nc2 25. Rad1 Rxg5 26. hxg5 Nxe1 27. Rxe1 Rd8 28. Re7 b6 29. Rxa7 Rd1+ 30. Kh2 Rd2 31. b3 Rxf2 32. Kg3 Rc2 33. Ra6 b5 34. Ra5 b4 35. Ra7 1/2-1/2

[Event "Ankara Is Bank Cup Kirmizi"]
[Site "Ankara"]
[Date "2023.11.23"]
[Round "1"]
[White "Aydin, Gulenay"]
[Black "Gurel, Ediz"]
[Result "0-1"]
[WhiteElo "2197"]
[BlackElo "2554"]
[PlyCount "100"]
[EventDate "2023.11.23"]
[EventType "tourn"]
[EventRounds "5"]
[EventCountry "TUR"]
[EventCategory "8"]
[SourceTitle "CB48_2023"]
[SourceDate "2023.11.29"]
[SourceVersion "1"]
[SourceVersionDate "2023.11.29"]
[SourceQuality "1"]

1. e4 c5 2. Nf3 d6 3. d4 cxd4 4. Nxd4 Nf6 5. Nc3 a6 6. a3 e5 7. Nf3 Be7 8. Bc4 0-0 9. Bg5 Nbd7 10. 0-0 b5 11. Ba2 Bb7 12. Re1 Rc8 13. Qd2 h6 14. Bxf6 Nxf6 15. Rad1 Rc5 16. Re2 Qa8 17. Qe1 g6 18. Nd2 Rfc8 19. f3 a5 20. Nb3 Rxc3 21. bxc3 a4 22. Nc1 Qa7+ 23. Kh1 Qc5 24. Re3 Qxa3 25. c4 Qb2 26. cxb5 Qxc2 27. Re2 Qc5 28. Rb2 a3 29. Nd3 Qb6 30. Rbb1 Rc2 31. Bb3 Rc7 32. Nb4 Rc5 33. Nd3 Rxb5 34. Bc4 Rxb1 35. Rxb1 Qc7 36. Qb4 Bc8 37. Qb3 d5 38. exd5 e4 39. fxe4 Nxe4 40. Rc1 Bf5 41. Qd1 Bd6 42. Ba2 Qe7 43. Qf3 Qh4 44. h3 Ng3+ 45. Kg1 Qd4+ 46. Nf2 Qb2 47. Re1 Qxa2 48. Ng4 Bxg4 49. Qxg4 Qxd5 50. Rd1 Qc5+ 0-1

[Event "FIDE Grand Swiss"]
[Site "Douglas"]
[Date "2023.11.03"]
[Round "9"]
[White "Ivanchuk, Vassily"]
[Black "Gurel, Ediz"]
[Result "1-0"]
[WhiteElo "2653"]
[BlackElo "2514"]
[PlyCount "129"]
[EventDate "2023.10.25"]
[EventType "swiss"]
[EventRounds "11"]
[EventCountry "IOM"]
[SourceTitle "Mega2024 Update 01"]
[Source "Chessbase"]
[SourceDate "2023.11.12"]
[SourceVersion "1"]
[SourceVersionDate "2023.11.12"]
[SourceQuality "1"]

1. e4 e5 2. Bc4 Nf6 3. d3 c6 4. Nf3 d5 5. Bb3 a5 6. a4 Bb4+ 7. c3 Bd6 8. 0-0 0-0 9. Re1 dxe4 10. dxe4 Qe7 11. Nbd2 Nbd7 12. Nf1 Nc5 13. Bc2 Be6 14. Ng3 Rfd8 15. Qe2 Qc7 16. Bg5 Be7 17. Nf5 Bxf5 18. exf5 e4 19. Nd2 Re8 20. Rad1 Rad8 21. g3 Qc8 22. Nc4 Rxd1 23. Rxd1 Qxf5 24. Bxf6 Qxf6 25. Nxa5 Bf8 26. Nc4 g6 27. a5 Qe6 28. Kg2 Nd7 29. Ne3 Nf6 30. Qc4 Qe5 31. a6 bxa6 32. Qxc6 Re6 33. Qc8 Kg7 34. b4 Qb5 35. Qc4 Rc6 36. Qd4 Rd6 37. Qa7 Qb6 38. Qxb6 Rxb6 39. Rd4 Rc6 40. Nc4 Be7 41. Kf1 e3 42. f3 Rc7 43. Bb3 Nd7 44. Re4 Bf6 45. Rxe3 Rc6 46. f4 Nb6 47. Ne5 Bxe5 48. fxe5 a5 49. Ke2 axb4 50. cxb4 Rc1 51. Kd3 Nd7 52. Kd4 Rc7 53. b5 Rb7 54. Bc4 Ra7 55. Kd5 Nb6+ 56. Kc5 Nd7+ 57. Kc6 Nb8+ 58. Kb6 Re7 59. e6 h5 60. h4 fxe6 61. Rxe6 Nd7+ 62. Kc7 Rxe6 63. Bxe6 Nc5 64. Kd6 Nb7+ 65. Ke5 1-0

[Event "FIDE Grand Swiss"]
[Site "Douglas"]
[Date "2023.10.25"]
[Round "1"]
[White "Gurel, Ediz"]
[Black "Bartel, Mateusz"]
[Result "1/2-1/2"]
[WhiteElo "2514"]
[BlackElo "2651"]
[PlyCount "66"]
[EventDate "2023.10.25"]
[EventType "swiss"]
[EventRounds "11"]
[EventCountry "IOM"]
[SourceTitle "Mega2024 Update 01"]
[Source "Chessbase"]
[SourceDate "2023.11.12"]
[SourceVersion "1"]
[SourceVersionDate "2023.11.12"]
[SourceQuality "1"]

1. e4 e6 2. d4 d5 3. Nd2 c5 4. exd5 exd5 5. Ngf3 Nf6 6. Bb5+ Bd7 7. Bxd7+ Nbxd7 8. 0-0 Be7 9. dxc5 Nxc5 10. Nd4 Qd7 11. N2f3 Bd6 12. Qe2+ Nce4 13. Qb5 Rc8 14. c3 Qxb5 15. Nxb5 Bb8 16. h3 0-0 17. Be3 a6 18. Nbd4 Rfe8 19. Rad1 h6 20. Rfe1 Kh7 21. Nc2 Bd6 22. Bd4 b5 23. Ne3 Rcd8 24. Kf1 Bc7 25. g4 Ng8 26. Re2 g6 27. h4 Re6 28. Kg2 Ne7 29. Rh1 Nc6 30. Rhe1 f5 31. Rh1 Bf4 32. gxf5 gxf5 33. Kf1 Nxd4 1/2-1/2

[Event "CRO-chT1A 31st"]
[Site "Veli Losinj"]
[Date "2023.10.13"]
[Round "3.1"]
[White "Gurel, Ediz"]
[Black "Maksimovic, Bojan"]
[Result "1-0"]
[WhiteElo "2514"]
[BlackElo "2502"]
[PlyCount "119"]
[EventDate "2023.10.11"]
[EventType "team-tourn"]
[EventRounds "7"]
[EventCountry "CRO"]
[SourceTitle "Mega2024 Update 01"]
[Source "Chessbase"]
[SourceDate "2023.11.12"]
[SourceVersion "1"]
[SourceVersionDate "2023.11.12"]
[SourceQuality "1"]
[WhiteTeam "Solin Cemex"]
[BlackTeam "Sveta Nedelja"]
[WhiteTeamCountry "CRO"]
[BlackTeamCountry "CRO"]

1. e4 c5 2. Nf3 e6 3. d4 cxd4 4. Nxd4 a6 5. Bd3 Bc5 6. Nb3 Ba7 7. Qe2 Nc6 8. Be3 d6 9. Nc3 b5 10. 0-0-0 Nf6 11. Bxa7 Rxa7 12. g4 0-0 13. f4 b4 14. Na4 Bd7 15. g5 Ne8 16. Qe3 Qb8 17. Nb6 Rb7 18. Nxd7 Rxd7 19. e5 g6 20. h4 dxe5 21. h5 Ng7 22. hxg6 fxg6 23. Qh3 e4 24. Qxh7+ Kf7 25. Bxe4 Rxd1+ 26. Rxd1 Ne7 27. Qh2 Nh5 28. Nc5 Qxf4+ 29. Qxf4+ Nxf4 30. Nxa6 Nh3 31. Nxb4 Nxg5 32. Bh1 Nf5 33. a4 e5 34. Re1 Kf6 35. Nd5+ Ke6 36. a5 Ng3 37. Nb6 e4 38. a6 Rf7 39. Bg2 Ra7 40. Re3 Nf5 41. Ra3 Nf3 42. Nc8 Ra8 43. a7 Rxc8 44. a8Q Rxa8 45. Rxa8 Ke5 46. b4 Kd4 47. Rg8 Ne3 48. b5 Nxg2 49. b6 e3 50. Rd8+ Kc5 51. b7 e2 52. Re8 e1Q+ 53. Rxe1 Ngxe1 54. b8Q g5 55. Qd8 Kc4 56. Kb2 Kc5 57. Kc3 Kc6 58. Kb3 Kc5 59. c3 Kc6 60. c4 1-0

[Event "EU-Cup 38th"]
[Site "Durres"]
[Date "2023.10.07"]
[Round "7.6"]
[White "Gurel, Ediz"]
[Black "Ozen, Deniz"]
[Result "1-0"]
[WhiteElo "2514"]
[BlackElo "2382"]
[PlyCount "91"]
[EventDate "2023.10.01"]
[EventType "team-swiss"]
[EventRounds "7"]
[EventCountry "ALB"]
[SourceTitle "EXT 2024"]
[Source "ChessBase"]
[SourceDate "2023.10.10"]
[SourceVersion "1"]
[SourceVersionDate "2023.10.10"]
[SourceQuality "1"]
[WhiteTeam "Turkish Airlines"]
[BlackTeam "Gokturk"]
[WhiteTeamCountry "TUR"]
[BlackTeamCountry "TUR"]

1. e4 e5 2. Nf3 Nf6 3. d4 Nxe4 4. Bd3 d5 5. Nxe5 Nd7 6. Nc3 Nxe5 7. dxe5 Nc5 8. Nxd5 Nxd3+ 9. Qxd3 c6 10. Nc3 Qxd3 11. cxd3 Bf5 12. d4 0-0-0 13. Be3 Bb4 14. Ke2 f6 15. exf6 gxf6 16. f3 Rhe8 17. Kf2 Re7 18. g4 Bg6 19. Rac1 Rde8 20. Nd5 Re6 21. Nxb4 Rxe3 22. Nd5 Re2+ 23. Kg3 Rf8 24. h4 Rxb2 25. h5 Be8 26. Rhe1 Bd7 27. Ne7+ Kc7 28. d5 Rxa2 29. dxc6 bxc6 30. Nd5+ Kd8 31. Nb4 Rd2 32. Nxc6+ Bxc6 33. Rxc6 f5 34. g5 f4+ 35. Kh3 Rd5 36. Kg4 Rff5 37. Rd6+ Rxd6 38. Kxf5 Rd5+ 39. Kf6 Rd3 40. g6 hxg6 41. hxg6 Rxf3 42. Rg1 Re3 43. g7 Re8 44. g8Q Rxg8 45. Rxg8+ Kc7 46. Ke5 1-0

[Event "EU-Cup 38th"]
[Site "Durres"]
[Date "2023.10.04"]
[Round "4.6"]
[White "Gurel, Ediz"]
[Black "Bartel, Mateusz"]
[Result "1-0"]
[WhiteElo "2514"]
[BlackElo "2651"]
[PlyCount "73"]
[EventDate "2023.10.01"]
[EventType "team-swiss"]
[EventRounds "7"]
[EventCountry "ALB"]
[SourceTitle "EXT 2024"]
[Source "ChessBase"]
[SourceDate "2023.10.10"]
[SourceVersion "1"]
[SourceVersionDate "2023.10.10"]
[SourceQuality "1"]
[WhiteTeam "Turkish Airlines"]
[BlackTeam "Novy Bor"]
[WhiteTeamCountry "TUR"]
[BlackTeamCountry "CZE"]

1. e4 e5 2. Nf3 Nc6 3. d4 exd4 4. Nxd4 Qf6 5. Ne2 Bc5 6. Nf4 Ne5 7. Nc3 c6 8. Qe2 d6 9. Be3 Qe7 10. 0-0-0 Nf6 11. Bxc5 dxc5 12. Nd3 Nxd3+ 13. Rxd3 Be6 14. Rd2 0-0 15. Qe3 b5 16. Be2 c4 17. e5 Nd5 18. Nxd5 cxd5 19. Bf3 b4 20. Bxd5 c3 21. Rd4 Rac8 22. Rhd1 Qc5 23. b3 Qa5 24. Kb1 Bf5 25. Be4 Bxe4 26. Rxe4 Rfd8 27. Red4 Rxd4 28. Qxd4 h6 29. a4 bxa3 30. Ka2 Qc7 31. Qd7 Qb8 32. f4 a5 33. Rd3 Qa8 34. e6 a4 35. exf7+ Kf8 36. b4 Qa6 37. Re3 1-0

[Event "AI Cup Play In"]
[Site "Chess.com INT"]
[Date "2023.09.18"]
[Round "3"]
[White "Gurel, Ediz"]
[Black "Chigaev, Maksim"]
[Result "1/2-1/2"]
[WhiteElo "2514"]
[BlackElo "2615"]
[PlyCount "44"]
[EventDate "2023.09.18"]
[EventType "swiss (rapid)"]
[EventRounds "9"]
[EventCountry "USA"]
[SourceTitle "EXT 2024"]
[Source "ChessBase"]
[SourceDate "2023.10.10"]
[SourceVersion "1"]
[SourceVersionDate "2023.10.10"]
[SourceQuality "1"]

1. e4 c5 2. Nf3 e6 3. d4 cxd4 4. Nxd4 Nc6 5. Nc3 Qc7 6. g3 a6 7. Bg2 Nf6 8. 0-0 Nxd4 9. Qxd4 Bc5 10. Bf4 d6 11. Qd2 h6 12. Rad1 e5 13. Be3 Ke7 14. Bxc5 Qxc5 15. Kh1 Be6 16. f4 Rac8 17. Na4 Qc7 18. fxe5 dxe5 19. Qb4+ Ke8 20. Nb6 Qc5 21. Qa4+ Qc6 22. Qa5 Qc5 1/2-1/2